000 00602nam a2200205 a 4500
001 BRCA_2808
005 20190320203958.0
008 081208s1952----enka---###---#000-0#eng-u
050 4 _aNK4485
_b.S28 1952
100 1 _aSavage, Leonard George Gimson
_92719
245 1 0 _a18th-century English porcelain
_cGeorge Savage.
260 _aLondon
_bRockliff
_c1952
300 _a435 p.
_bil., 113 láminas
_c22 cm.
500 _aIncluye lista de ilustraciones y apéndice.
500 _aAA104
650 1 4 _aPorcelana inglesa
_97224
650 1 4 _aPorcelana
_xHistoria
_91464
902 _aGFM
942 _2lcc
_cB
999 _c2548
_d2548